000 00194 a2200097 4500
020 _a9788408035268
041 _aspa
100 _aJuan Carlos Arce
245 _aEl matematico del rey
942 _cK
999 _c26637
_d26637